| Tag |
First Indicator |
Second Indicator |
Subfields |
| LEADER |
00000cam a2200000 a 4500 |
| 001 |
in00002247828 |
| 005 |
20151104205740.0 |
| 008 |
070319s2007 nyu b 001 0 eng |
| 010 |
|
|
|a 2007009334
|
| 020 |
|
|
|a 9780773454590
|
| 020 |
|
|
|a 0773454594
|
| 035 |
|
|
|a (OCoLC)ocm86090291
|
| 035 |
|
|
|a (OCoLC)86090291
|
| 040 |
|
|
|a DLC
|c DLC
|d YDX
|d BAKER
|d BTCTA
|d UtOrBLW
|
| 049 |
|
|
|a TXAM
|
| 050 |
0 |
0 |
|a PS3511.I9
|b Z6226 2007
|
| 082 |
0 |
0 |
|a 813/.52
|2 22
|
| 100 |
1 |
|
|a Ford, Edward
|q (Edward Bruce)
|
| 245 |
1 |
0 |
|a Rereading F. Scott Fitzgerald :
|b the authors who shaped his style /
|c Edward Ford ; with a preface by Lyman L. Leathers.
|
| 264 |
|
1 |
|a Lewiston, N.Y. :
|b Edwin Mellen Press,
|c [2007]
|
| 264 |
|
4 |
|c ©2007
|
| 300 |
|
|
|a iii, 144 pages ;
|c 24 cm.
|
| 336 |
|
|
|a text
|b txt
|2 rdacontent
|
| 337 |
|
|
|a unmediated
|b n
|2 rdamedia
|
| 338 |
|
|
|a volume
|b nc
|2 rdacarrier
|
| 504 |
|
|
|a Includes bibliographical references (pages 139-142) and index.
|
| 505 |
0 |
|
|a Introduction -- This side of paradise -- Tolstoy's influence -- Ibsen's influence -- The influence of August Strindberg's A dreamplay -- The beautiful and the damned -- The influence of Alain-Fournier's Le Grand Meaulnes -- Conrad, Fournier, and Fitzgerald -- The phoenix and the underworld voyage -- Short stories -- Tender is the night -- The last tycoon -- Fitzgerald's legacy.
|
| 600 |
1 |
0 |
|a Fitzgerald, F. Scott
|q (Francis Scott),
|d 1896-1940
|x Knowledge
|x European literature.
|
| 600 |
1 |
0 |
|a Fitzgerald, F. Scott
|q (Francis Scott),
|d 1896-1940
|x Literary style.
|
| 856 |
4 |
1 |
|3 Table of contents only
|u http://www.loc.gov/catdir/toc/ecip0713/2007009334.html
|t 0
|
| 938 |
|
|
|a Baker & Taylor
|b BKTY
|c 99.95
|d 99.95
|i 0773454594
|n 0007170804
|s active
|
| 938 |
|
|
|a Baker and Taylor
|b BTCP
|n 2007009334
|
| 945 |
|
|
|a PromptCat
|b 140154
|
| 946 |
|
|
|a stk
|
| 947 |
|
|
|a A14835619695
|
| 948 |
|
|
|a cataloged
|b h
|c 2007/5/29
|d c
|e dmartine
|f 10:03:20 am
|
| 994 |
|
|
|a 92
|b TXA
|
| 999 |
|
|
|a MARS
|
| 999 |
f |
f |
|s 826d699e-3ff2-37e0-be2e-795175c30ad0
|i 21ee297a-fea7-3230-a7b0-ffa70d3036e9
|t 0
|
| 952 |
f |
f |
|p normal
|a Texas A&M University
|b College Station
|c Sterling C. Evans Library
|d Evans: Library Stacks
|t 0
|e PS3511.I9 Z6226 2007
|h Library of Congress classification
|i unmediated -- volume
|m A14835619695
|
| 998 |
f |
f |
|a PS3511.I9 Z6226 2007
|t 0
|l Evans: Library Stacks
|